000 00577nam a2200229Ia 4500
003 OSt
005 20221005122222.0
006 a|||||r|||| 00| 0
007 ta
008 221004b |||||||| |||| 00| 0 mal d
024 _a57903
037 _cTextual
040 _aCRL
_cCRL
_bmal
041 _2mal
_amal
082 _aO32,2NMA,1, K7
100 _aNair Madhavan Au.
245 0 _aIravikkutti Pillai
260 _c1967
650 _aMALAYALAM DRAMA
_9207189
942 _hO32,2NMA,1, K7
_cTEXL
_2cc
999 _c1043633
_d1043633